[Missale (Dom. 18 et 19 p. Pent.)]

Fragment misála s liturgiou na 18. a 19. nedeľu po Turícach

Bibliographic Details
Format: Manuscript Book
Language:Latin
PhysicalDescription:1 strana rukopis, voľný list, perg. 35 cm
Published: [Miesto vzniku nie je známe] [medzi 1401 a 1450?]
Subjects:

MARC

LEADER 00000ntmaa2200000 a 4500
001 vtls012139924
003 SK-MaSNL
005 20260302062452.0
008 230802q1401 xx || 000 1 lat
035 |a urn:nbn:sk:snk-tm00iatr 
035 |a A088D9E4-11AF-48E5-81FF-2E7FE9FAE018 
040 |a SNKLA  |b slo  |c SNKLA  |e AACR2 
041 0 |a lat 
044 |a xx 
072 7 |a 2  |x Náboženstvo  |2 konspekt 
080 |a 025.171  |2 2011 
080 |a 2-528  |2 2011 
080 |a 24-282  |2 2011 
245 0 0 |a [Missale (Dom. 18 et 19 p. Pent.)] 
260 |a [Miesto vzniku nie je známe]  |c [medzi 1401 a 1450?] 
300 |a 1 strana  |b rukopis, voľný list, perg.  |c 35 cm 
500 |a Pergamenový list tvoriaci obal rukopisnej knihy Historiae quaedam eruditionesque (pozri signatúru RHKS 566) 
500 |a Napísané čiernym, čiastočne červeným tušom 
500 |a Umelý názov podľa publikácie Stredoveké liturgické fragmenty z Literárneho archívu Slovenskej národnej knižnice 
520 2 |a Fragment misála s liturgiou na 18. a 19. nedeľu po Turícach 
555 0 |a Inventár rukopisov Archívu literatúry a umenia Matice slovenskej. Rukopisy historických knižníc na Slovensku I. Martin : Matica slovenská 1992 
610 2 7 |a Františkáni  |2 SNKKA  |9 174796 
610 2 7 |a Františkánsky kláštor (Bratislava, Slovensko)  |2 SNKLA  |9 361378 
650 0 7 |a liturgia  |2 SNKPH  |9 1990 
655 7 |a rukopisy  |2 SNKPH  |9 70548 
655 7 |a liturgické knihy  |2 SNKPH  |9 174650 
655 7 |a misály  |2 SNKPH  |9 369705 
852 |a Slovenská národná knižnica  |b Literárny archív 
958 |a ZH 
958 |a LAVD 
999 |c 1129410  |d 1131340 
952 |a SNKLA  |b SNKLA  |c SNKLA_DEP  |y NEVYP  |7 0  |p 17A1230406  |o snkRHKS 566/1  |0 0  |1 0  |4 0  |d 2022-06-17  |f 1  |l 0  |r 2026-02-24 18:57:35  |w 2026-02-24